Стратиграфия и палеогеография нефтегазоносных областей молодых платформ

מידע ביבליוגרפי
Corporate Authors: Академия Наук СССР, Институт геологии и разработки горючих ископаемых
מחברים אחרים: Бененсон В. А. Владимир Абрамович (редактор)
שפה:רוסית
יצא לאור: Москва, Наука, 1982
נושאים:
פורמט: ספר
KOHA link:https://koha.lib.tpu.ru/cgi-bin/koha/opac-detail.pl?biblionumber=85860

MARC

LEADER 00000nam1a2200000 4500
001 85860
005 20231031101320.0
020 |a RU  |b 82-80752 
035 |a (RuTPU)RU\TPU\book\92238 
090 |a 85860 
100 |a 20051118d1982 m y0rusy5003 ca 
101 0 |a rus 
200 1 |a Стратиграфия и палеогеография нефтегазоносных областей молодых платформ  |f Академия Наук СССР; Институт геологии и разработки горючих ископаемых; под ред. В. А. Бененсона 
210 |a Москва  |c Наука  |d 1982 
215 |a 111 с.  |c ил. 
610 1 |a геология 
610 1 |a стратиграфия 
610 1 |a палеография 
610 1 |a платформы 
610 1 |a мезозойские отложения 
610 1 |a нефтеносность 
610 1 |a газоносность 
675 |a 551.24  |v 3 
675 |a 553.98  |v 3 
702 1 |a Бененсон  |b В. А.  |g Владимир Абрамович  |4 340 
712 0 2 |a Академия Наук СССР  |2 stltpush  |3 (RuTPU)RU\TPU\col\722 
712 0 2 |a Институт геологии и разработки горючих ископаемых  |2 stltpush  |3 (RuTPU)RU\TPU\col\294 
801 0 |a RU  |b RuMRKP  |c 19950704  |g psbo 
801 1 |a RU  |b 63413507  |c 20051118  |g PSBO 
801 2 |a RU  |b 63413507  |c 20051230  |g PSBO 
942 |c BK